[Event "St Petersburg White Nights op"]
[Site "St Petersburg"]
[Date "2007.06.27"]
[Round "3"]
[White "Akimov, Dmitry"]
[Black "Soloviov, Sergei"]
[Result "0-1"]
[WhiteElo "2238"]
[BlackElo "2422"]
[PlyCount "60"]
[EventDate "2007.06.25"]
[EventType "swiss"]
[EventRounds "9"]
[EventCountry "RUS"]
[SourceTitle "CBM 119 Extra"]
[Source "ChessBase"]
[SourceDate "2007.09.04"]
[SourceVersion "1"]
[SourceVersionDate "2007.09.04"]
[SourceQuality "1"]

1. e4 c5 2. g3 Nc6 3. Bg2 g6 4. d3 Bg7 5. f4 d6 6. Nf3 Nf6 7. Nc3 0-0 8. 0-0 Rb8 9. h3 b5 10. Be3 b4 11. Ne2 Nd7 12. Rb1 Qa5 13. g4 Qxa2 14. f5 Nce5 15. Qd2 Nxf3+ 16. Bxf3 Bxb2 17. c4 bxc3 18. Nxc3 Qa3 19. Nd5 e6 20. Ne7+ Kh8 21. fxe6 fxe6 22. Bg2 Rxf1+ 23. Bxf1 Bc3 24. Qf2 Ra8 25. Qf7 Ba6 26. Qxe6 Be5 27. Nc6 Bxd3 28. Rb3 Qa1 29. Rxd3 Rf8 30. Bf2 Qb2 0-1

[Event "St Petersburg White Nights op"]
[Site "St Petersburg"]
[Date "2007.06.26"]
[Round "2"]
[White "Soloviov, Sergei"]
[Black "Bazeev, German"]
[Result "0-1"]
[WhiteElo "2422"]
[BlackElo "2179"]
[PlyCount "96"]
[EventDate "2007.06.25"]
[EventType "swiss"]
[EventRounds "9"]
[EventCountry "RUS"]
[SourceTitle "CBM 119 Extra"]
[Source "ChessBase"]
[SourceDate "2007.09.04"]
[SourceVersion "1"]
[SourceVersionDate "2007.09.04"]
[SourceQuality "1"]

1. e4 c5 2. Nf3 Nc6 3. d4 cxd4 4. Nxd4 Nf6 5. Nc3 d6 6. Bg5 e6 7. Qd2 a6 8. 0-0-0 Bd7 9. f3 Be7 10. Be3 0-0 11. g4 Nxd4 12. Bxd4 Bc6 13. g5 Nd7 14. h4 b5 15. Be3 Ne5 16. f4 Ng4 17. Bh3 Nxe3 18. Qxe3 Qa5 19. Kb1 b4 20. Ne2 Qc5 21. Qd3 Bb5 22. Qd2 d5 23. e5 Qf2 24. Nd4 Qxd2 25. Rxd2 Bc5 26. f5 Bxd4 27. Rxd4 exf5 28. Rxb4 g6 29. Rd1 Rfe8 30. Rxd5 Bc6 31. Rc5 Rad8 32. b3 Rd1+ 33. Kb2 Be4 34. Rc3 Rd5 35. Rb6 a5 36. e6 fxe6 37. Bf1 Rdd8 38. Rc5 Rc8 39. Rxc8 Rxc8 40. Bc4 Bd5 41. Bxd5 exd5 42. Rd6 Rc5 43. c3 Kf7 44. a4 Ke7 45. Ra6 Kd7 46. Kc2 d4 47. c4 f4 48. Rf6 Rc6 0-1

[Event "EU-ch Internet fin"]
[Site "Playchess.com INT"]
[Date "2003.11.09"]
[Round "2.4"]
[White "Nunn, John DM"]
[Black "Soloviov, Sergei"]
[Result "1-0"]
[WhiteElo "2617"]
[BlackElo "2446"]
[PlyCount "159"]
[EventDate "2003.11.09"]
[EventType "k.o. (blitz)"]
[EventRounds "5"]
[EventCountry "GER"]
[SourceTitle "EXT 2004"]
[Source "ChessBase"]
[SourceDate "2003.11.25"]
[SourceVersion "1"]
[SourceVersionDate "2003.11.25"]
[SourceQuality "1"]

1. e4 g6 2. d4 Bg7 3. c3 d5 4. Nd2 dxe4 5. Nxe4 Nd7 6. Nf3 Ngf6 7. Nxf6+ Nxf6 8. Bc4 0-0 9. 0-0 a6 10. a4 Ne4 11. Re1 Nd6 12. Bb3 Bf5 13. Bg5 Re8 14. Ne5 h6 15. Bf4 g5 16. Bg3 e6 17. Qf3 Rc8 18. Rad1 Qf6 19. Ng4 Qg6 20. Ne5 Qf6 21. h3 Red8 22. d5 exd5 23. Bxd5 Bc2 24. Qxf6 Bxf6 25. Rd4 Bg7 26. a5 Kf8 27. Rd2 Nf5 28. Bxb7 Rxd2 29. Bxc8 Nxg3 30. fxg3 Rd5 31. Nd7+ Kg8 32. Re8+ Kh7 33. Nf8+ Bxf8 34. Rxf8 Kg7 35. Re8 Rxa5 36. Re7 c5 37. Ra7 Bd3 38. Be6 Bg6 39. Bc4 Ra1+ 40. Kh2 Rb1 41. b3 Rb2 42. Bd5 Rd2 43. c4 Ra2 44. Rc7 Ra5 45. g4 Kf6 46. Kg3 Ra3 47. Rb7 a5 48. Kf2 Ke5 49. Bxf7 Bxf7 50. Rxf7 Rxb3 51. Ra7 Ra3 52. Ra6 a4 53. Rxh6 Rc3 54. Rg6 a3 55. Rxg5+ Kd4 56. Rg8 Rxc4 57. Ra8 Rc2+ 58. Kf3 a2 59. g5 Ke5 60. h4 Kf5 61. g4+ Ke5 62. h5 Rc3+ 63. Ke2 Kf4 64. g6 Rg3 65. g7 Rxg4 66. Ra4+ Kf5 67. Rxg4 a1Q 68. g8Q Qb2+ 69. Kf1 Qc1+ 70. Kg2 Qd2+ 71. Kh1 Qe1+ 72. Rg1 Qh4+ 73. Kg2 Qe4+ 74. Kh3 Qf3+ 75. Qg3 Qxh5+ 76. Kg2 Ke6 77. Re1+ Kd7 78. Qd3+ Kc7 79. Re7+ Kb8 80. Qd8# 1-0

[Event "Cullera GM"]
[Site "Cullera"]
[Date "2003.07.20"]
[Round "5.3"]
[White "Soloviov, Sergei"]
[Black "Hernandez Guerrero, Gilberto Eduardo"]
[Result "0-1"]
[WhiteElo "2446"]
[BlackElo "2544"]
[PlyCount "38"]
[EventDate "2003.07.16"]
[EventType "tourn"]
[EventRounds "11"]
[EventCountry "ESP"]
[EventCategory "7"]
[SourceTitle "CBM 095 Extra"]
[Source "ChessBase"]
[SourceDate "2003.09.04"]
[SourceVersion "1"]
[SourceVersionDate "2003.09.04"]
[SourceQuality "1"]

1. e4 c5 2. Nf3 Nc6 3. Bb5 e6 4. 0-0 Nge7 5. Nc3 Ng6 6. Bxc6 bxc6 7. e5 Be7 8. Ne4 0-0 9. b3 f6 10. d4 cxd4 11. Qxd4 fxe5 12. Nxe5 c5 13. Qc3 Nxe5 14. Qxe5 Rf5 15. Qg3 d5 16. Bb2 Qf8 17. Nd2 Bd6 18. Bxg7 Bxg3 19. Bxf8 Bf4 0-1

[Event "Cullera GM"]
[Site "Cullera"]
[Date "2003.07.19"]
[Round "4.4"]
[White "Marin, Mihail"]
[Black "Soloviov, Sergei"]
[Result "1-0"]
[WhiteElo "2539"]
[BlackElo "2446"]
[PlyCount "120"]
[EventDate "2003.07.16"]
[EventType "tourn"]
[EventRounds "11"]
[EventCountry "ESP"]
[EventCategory "7"]
[SourceTitle "CBM 095 Extra"]
[Source "ChessBase"]
[SourceDate "2003.09.04"]
[SourceVersion "1"]
[SourceVersionDate "2003.09.04"]
[SourceQuality "1"]

1. c4 g6 2. Nf3 Bg7 3. d4 d6 4. Nc3 e5 5. dxe5 dxe5 6. Qxd8+ Kxd8 7. Bd2 Be6 8. 0-0-0 Nd7 9. Ng5 Bxc4 10. e4 Be6 11. Nxe6+ fxe6 12. Bc4 Ke7 13. Nb5 Bh6 14. Bxe6 Nc5 15. Bxg8 Bxd2+ 16. Kxd2 Raxg8 17. Nxc7 Nxe4+ 18. Ke3 Nd6 19. Rd5 Rc8 20. Rc1 Rhd8 21. Rxe5+ Kf6 22. Rec5 Nf5+ 23. Ke2 Ne7 24. R1c3 Kf7 25. Ke1 a6 26. Rf3+ Kg8 27. Ne6 Re8 28. Rxc8 Nxc8 29. Re3 Nd6 30. Nc5 Rc8 31. Nd3 Rd8 32. Ke2 Nf5 33. Re4 Rc8 34. g4 Nd6 35. Re6 Nc4 36. b3 Na3 37. Rb6 Rc7 38. h4 Nb5 39. a4 Nc3+ 40. Kd2 Nb1+ 41. Ke3 Re7+ 42. Kf3 Rf7+ 43. Kg2 Rc7 44. Ne5 Nd2 45. f3 Re7 46. f4 Rc7 47. Kf2 Rc3 48. b4 Ne4+ 49. Ke1 Rc7 50. a5 Kf8 51. Re6 Nc3 52. Rd6 Ke8 53. Rd3 Nb5 54. Kd2 Ke7 55. Re3 Kf6 56. Rd3 Ke6 57. Rd8 Nd6 58. Nd3 Ne4+ 59. Ke3 Nf6 60. g5 Nd5+ 1-0

[Event "Cullera GM"]
[Site "Cullera"]
[Date "2003.07.16"]
[Round "1.5"]
[White "Soloviov, Sergei"]
[Black "Llobel Cortell, Enrique"]
[Result "0-1"]
[WhiteElo "2446"]
[BlackElo "2389"]
[PlyCount "52"]
[EventDate "2003.07.16"]
[EventType "tourn"]
[EventRounds "11"]
[EventCountry "ESP"]
[EventCategory "7"]
[SourceTitle "CBM 095 Extra"]
[Source "ChessBase"]
[SourceDate "2003.09.04"]
[SourceVersion "1"]
[SourceVersionDate "2003.09.04"]
[SourceQuality "1"]

1. e4 c5 2. Nf3 d6 3. d4 cxd4 4. Qxd4 a6 5. Be3 Nc6 6. Qd2 g6 7. Nc3 Bg7 8. Nd5 Rb8 9. Bb6 Qd7 10. Nc7+ Kf8 11. Nd5 Bxb2 12. Rb1 Bg7 13. Bc4 e6 14. Nc3 Nf6 15. 0-0 Ne8 16. a4 Bf6 17. Be3 h5 18. Rfd1 Qc7 19. Bb6 Qe7 20. Ne2 Kg7 21. Rb3 Bd7 22. Rdb1 Rc8 23. Bd3 Ne5 24. Nxe5 dxe5 25. Qa5 Nd6 26. Bc4 Nxc4 0-1

[Event "St Petersburg-ch sf"]
[Site "St Petersburg"]
[Date "2002.??.??"]
[Round "4"]
[White "Soloviov, Sergei"]
[Black "Matlakov, Maxim"]
[Result "1-0"]
[WhiteElo "2446"]
[BlackElo "2295"]
[PlyCount "83"]
[EventDate "2002.02.??"]
[EventType "swiss"]
[EventRounds "10"]
[EventCountry "RUS"]
[SourceTitle "EXT 2003"]
[Source "ChessBase"]
[SourceDate "2002.11.25"]
[SourceVersion "1"]
[SourceVersionDate "2002.11.25"]
[SourceQuality "1"]

1. e4 e5 2. Nf3 Nc6 3. Nc3 Nf6 4. g3 d5 5. exd5 Nxd5 6. Bg2 Nxc3 7. bxc3 Bc5 8. 0-0 0-0 9. Re1 Qf6 10. Rb1 Bb6 11. d3 h6 12. h3 Bf5 13. c4 Rad8 14. Qe2 Bc8 15. Be3 Bxe3 16. Qxe3 Rfe8 17. Rb5 Bd7 18. Nxe5 Nxe5 19. Rxe5 Rxe5 20. Qxe5 Re8 21. Qa5 Rxe1+ 22. Qxe1 Bc6 23. Bd5 Bxd5 24. cxd5 g6 25. Qa5 Qa1+ 26. Kg2 Qe5 27. c4 a6 28. Qd2 b5 29. Qf4 Qe7 30. Qd4 bxc4 31. dxc4 Qb4 32. a3 Qa4 33. Qc5 Qd7 34. a4 g5 35. a5 f5 36. Qe3 Kf7 37. Qe5 Kg6 38. c5 Qa4 39. d6 Qc6+ 40. Kh2 cxd6 41. cxd6 g4 42. Qe6+ 1-0

[Event "Cullera op 21st"]
[Site "Cullera"]
[Date "2001.07.20"]
[Round "2"]
[White "Soloviov, Sergei"]
[Black "Cubedo Cano, Pablo"]
[Result "1-0"]
[WhiteElo "2417"]
[BlackElo "2260"]
[PlyCount "59"]
[EventDate "2001.07.19"]
[EventType "swiss"]
[EventRounds "9"]
[EventCountry "ESP"]
[SourceTitle "EXT 2002"]
[Source "ChessBase"]
[SourceDate "2001.11.25"]
[SourceVersion "1"]
[SourceVersionDate "2001.11.25"]
[SourceQuality "1"]

1. e4 c6 2. Nf3 d5 3. Nc3 dxe4 4. Nxe4 Bf5 5. Ng3 Bg4 6. h3 Bxf3 7. Qxf3 Nf6 8. Ne4 e6 9. Nxf6+ Qxf6 10. Qxf6 gxf6 11. d4 Bd6 12. g3 Nd7 13. Be3 0-0-0 14. 0-0-0 Kb8 15. Bg2 f5 16. c4 f4 17. gxf4 f5 18. Bf3 Nf8 19. h4 Ng6 20. h5 Ne7 21. Rhg1 Rhg8 22. Kc2 Rxg1 23. Rxg1 Rg8 24. Rg3 Kc8 25. Kc3 a6 26. Kd3 Kd7 27. Bd2 Bc7 28. Ke2 Bb6 29. Bb4 Rxg3 30. fxg3 1-0

[Event "UKR-ch sf op"]
[Site "Alushta"]
[Date "2001.??.??"]
[Round "?"]
[White "Soloviov, Sergei"]
[Black "Miroshnichenko, Evgenij"]
[Result "0-1"]
[WhiteElo "2417"]
[BlackElo "2510"]
[PlyCount "106"]
[EventDate "2001.04.17"]
[EventType "swiss"]
[EventRounds "9"]
[EventCountry "UKR"]
[SourceTitle "EXT 2003"]
[Source "ChessBase"]
[SourceDate "2002.11.25"]
[SourceVersion "1"]
[SourceVersionDate "2002.11.25"]
[SourceQuality "1"]

1. e4 c5 2. Nf3 d6 3. d4 cxd4 4. Nxd4 Nf6 5. Nc3 Nc6 6. Bc4 Qb6 7. Nxc6 bxc6 8. 0-0 g6 9. Be3 Qc7 10. f4 Bg7 11. Bd4 0-0 12. Kh1 Rb8 13. Bb3 a5 14. e5 Ng4 15. exd6 Qxd6 16. Bxg7 Qxd1 17. Nxd1 Kxg7 18. h3 Nf6 19. Ne3 Ba6 20. Bc4 Nd5 21. Bxa6 Nxe3 22. Rf3 Nxc2 23. Rc1 Rxb2 24. Rf2 Rb6 25. Rfxc2 Rxa6 26. Rxc6 Rxc6 27. Rxc6 Rb8 28. Rc5 Rb4 29. Rxa5 Rxf4 30. a4 Rf1+ 31. Kh2 f5 32. Ra8 Kf6 33. a5 Ra1 34. a6 Ke5 35. a7 g5 36. Rg8 Rxa7 37. Rxg5 e6 38. Rg8 f4 39. Rb8 Ke4 40. Rb4+ Kf5 41. Kg1 e5 42. Rb5 Ke4 43. Rb4+ Kf5 44. Rb5 h5 45. Kf2 Ra2+ 46. Kf3 Ra3+ 47. Kf2 Rc3 48. Ra5 Ke4 49. Ra4+ Kd5 50. Ra8 h4 51. Rd8+ Ke4 52. Rd2 f3 53. Ra2 Kf4 0-1

[Event "UKR-ch sf op"]
[Site "Alushta"]
[Date "2001.??.??"]
[Round "?"]
[White "Soloviov, Sergei"]
[Black "Romanova, Ekaterina"]
[Result "1-0"]
[WhiteElo "2417"]
[BlackElo "2144"]
[PlyCount "53"]
[EventDate "2001.04.17"]
[EventType "swiss"]
[EventRounds "9"]
[EventCountry "UKR"]
[SourceTitle "EXT 2003"]
[Source "ChessBase"]
[SourceDate "2002.11.25"]
[SourceVersion "1"]
[SourceVersionDate "2002.11.25"]
[SourceQuality "1"]

1. e4 c5 2. Nf3 e6 3. d4 cxd4 4. Nxd4 Nf6 5. Nc3 d6 6. g4 h6 7. h4 Nc6 8. Rg1 g6 9. Be3 a6 10. Qe2 Be7 11. 0-0-0 Qa5 12. f4 h5 13. gxh5 Rxh5 14. Rg5 Rxg5 15. hxg5 Nh5 16. Qf2 Qc7 17. Be2 b5 18. Bxh5 gxh5 19. g6 fxg6 20. Qg2 g5 21. e5 d5 22. Nxd5 exd5 23. Qxd5 Nxd4 24. Rxd4 Rb8 25. Qg8+ Bf8 26. Qg6+ Ke7 27. Qh7+ 1-0

[Event "Barbera del Valles op"]
[Site "Barbera del Valles"]
[Date "1999.??.??"]
[Round "1"]
[White "Catalan Escale, Enrique"]
[Black "Soloviov, Sergei"]
[Result "1/2-1/2"]
[WhiteElo "2132"]
[BlackElo "2391"]
[PlyCount "102"]
[EventDate "1999.07.??"]
[EventType "swiss"]
[EventRounds "9"]
[EventCountry "ESP"]
[SourceTitle "EXT 2001"]
[Source "ChessBase"]
[SourceDate "2000.11.22"]
[SourceVersion "1"]
[SourceVersionDate "2000.11.22"]
[SourceQuality "1"]

1. e4 g6 2. d4 Bg7 3. Nc3 d6 4. Bg5 h6 5. Bh4 Nc6 6. d5 Nd4 7. Nge2 c5 8. f3 Qa5 9. Qd2 Nxe2 10. Bxe2 a6 11. 0-0 Bd7 12. Kh1 Nf6 13. f4 Qb4 14. Qd3 Nh5 15. Rab1 Nxf4 16. Rxf4 g5 17. Rff1 gxh4 18. Bh5 Bf6 19. e5 dxe5 20. Ne4 0-0-0 21. c3 Qb6 22. b4 c4 23. Qxc4+ Kb8 24. Qe2 Rc8 25. Nc5 Rxc5 26. bxc5 Qxc5 27. Qxa6 Qxd5 28. Rb6 Kc7 29. Qa7 Bc6 30. Bf3 e4 31. Rd1 Qc4 32. Rdb1 exf3 33. Rxb7+ Bxb7 34. Rxb7+ Kd6 35. Rb6+ Kd5 36. Qa5+ Qc5 37. Rb5 fxg2+ 38. Kxg2 Rg8+ 39. Kf3 Rc8 40. Rxc5+ Rxc5 41. Qa8+ Kc4 42. Qa3 Bxc3 43. Qb3+ Kd3 44. Qxf7 Bf6 45. Qg6+ Kd2 46. Qxh6+ Kc2 47. Qg6+ Kb2 48. Qf7 Rc3+ 49. Kg4 Ra3 50. Qc4 Rxa2 51. Qe2+ Kb3 1/2-1/2

[Event "Barbera del Valles op"]
[Site "Barbera del Valles"]
[Date "1999.??.??"]
[Round "5"]
[White "Pascual Sauch, Angel"]
[Black "Soloviov, Sergei"]
[Result "0-1"]
[WhiteElo "2187"]
[BlackElo "2391"]
[PlyCount "76"]
[EventDate "1999.07.??"]
[EventType "swiss"]
[EventRounds "9"]
[EventCountry "ESP"]
[SourceTitle "EXT 2001"]
[Source "ChessBase"]
[SourceDate "2000.11.22"]
[SourceVersion "1"]
[SourceVersionDate "2000.11.22"]
[SourceQuality "1"]

1. Nf3 Nf6 2. d4 c5 3. c3 g6 4. g3 b6 5. Bg2 Bb7 6. 0-0 Bg7 7. Qb3 Bd5 8. c4 Bc6 9. d5 Bb7 10. Nc3 d6 11. e4 Nbd7 12. Re1 0-0 13. Bg5 h6 14. Bf4 Ng4 15. Rad1 Nge5 16. Nxe5 Nxe5 17. Bc1 Ba6 18. Nb5 Bxb5 19. Qxb5 a6 20. Qb3 b5 21. cxb5 c4 22. Qc2 axb5 23. a3 Qa5 24. Bd2 Qa4 25. Qxa4 bxa4 26. Bc3 Rfb8 27. f4 Nd3 28. Rxd3 cxd3 29. e5 Rb3 30. Rd1 Rc8 31. Be4 dxe5 32. fxe5 Rcxc3 33. bxc3 Bxe5 34. Rxd3 Rxa3 35. Bf3 Bxc3 36. Kf1 Ra1+ 37. Bd1 a3 38. Ke2 Rxd1 0-1

[Event "Barbera del Valles op"]
[Site "Barbera del Valles"]
[Date "1999.??.??"]
[Round "7"]
[White "Rahal, Michael"]
[Black "Soloviov, Sergei"]
[Result "1/2-1/2"]
[WhiteElo "2397"]
[BlackElo "2391"]
[PlyCount "55"]
[EventDate "1999.07.??"]
[EventType "swiss"]
[EventRounds "9"]
[EventCountry "ESP"]
[SourceTitle "EXT 2001"]
[Source "ChessBase"]
[SourceDate "2000.11.22"]
[SourceVersion "1"]
[SourceVersionDate "2000.11.22"]
[SourceQuality "1"]

1. e4 g6 2. d4 Bg7 3. Nc3 d6 4. Be3 a6 5. Qd2 b5 6. Bd3 Nd7 7. a4 b4 8. Nce2 c5 9. c3 cxd4 10. cxd4 a5 11. Nc1 Ngf6 12. f3 0-0 13. Nge2 e5 14. d5 Nc5 15. Bxc5 dxc5 16. Nb3 Qb6 17. Qe3 Nd7 18. Nd2 Bf6 19. 0-0 Bg5 20. Qxg5 c4+ 21. Kh1 cxd3 22. Ng3 f6 23. Qh6 Ba6 24. Rfc1 Rfc8 25. Nb3 Bc4 26. Nd2 Ba6 27. Nb3 Bc4 28. Nd2 1/2-1/2

[Event "Barbera del Valles op"]
[Site "Barbera del Valles"]
[Date "1999.??.??"]
[Round "8"]
[White "Soloviov, Sergei"]
[Black "Pinero Fernandez, Xavier"]
[Result "1-0"]
[WhiteElo "2391"]
[BlackElo "2148"]
[PlyCount "61"]
[EventDate "1999.07.??"]
[EventType "swiss"]
[EventRounds "9"]
[EventCountry "ESP"]
[SourceTitle "EXT 2001"]
[Source "ChessBase"]
[SourceDate "2000.11.22"]
[SourceVersion "1"]
[SourceVersionDate "2000.11.22"]
[SourceQuality "1"]

1. e4 d5 2. exd5 Nf6 3. Nf3 Bg4 4. d4 Qxd5 5. Be2 Nc6 6. Be3 0-0-0 7. Nbd2 Qh5 8. h3 Nd5 9. 0-0 Nxe3 10. fxe3 Bxh3 11. gxh3 Qxh3 12. Kf2 e5 13. Rh1 Qf5 14. Bd3 Qe6 15. Bc4 Qf5 16. Bd3 Qe6 17. c3 f5 18. Bc4 Qf6 19. dxe5 Nxe5 20. Nxe5 Qxe5 21. Nf3 Qe4 22. Nd4 Be7 23. Qf3 Qxf3+ 24. Kxf3 g6 25. Rad1 h5 26. Rdg1 g5 27. Nxf5 g4+ 28. Ke2 Bg5 29. Ng7 Rh7 30. Ne6 Rg8 31. Rxg4 1-0

[Event "Valles 3th"]
[Site "Valles"]
[Date "1999.??.??"]
[Round "?"]
[White "Ubach Miralda, Marcelo"]
[Black "Soloviov, Sergei"]
[Result "1-0"]
[WhiteElo "2305"]
[BlackElo "2390"]
[PlyCount "91"]
[EventDate "1999.??.??"]
[EventType "tourn"]
[EventRounds "9"]
[EventCountry "ESP"]
[EventCategory "4"]
[SourceTitle "EXT 2000"]
[Source "ChessBase"]
[SourceDate "1999.11.16"]
[SourceVersion "1"]
[SourceVersionDate "1999.11.16"]
[SourceQuality "1"]

1. c4 e5 2. Nc3 d6 3. g3 Nc6 4. Bg2 Be6 5. d3 Qd7 6. e4 Nd4 7. Nge2 Bh3 8. 0-0 Nxe2+ 9. Qxe2 Bxg2 10. Kxg2 h5 11. h3 g6 12. f4 0-0-0 13. Qf2 f5 14. Qxa7 Qc6 15. fxe5 dxe5 16. Bg5 Be7 17. Bxe7 Nxe7 18. Nd5 Nxd5 19. exd5 Qd6 20. Rae1 h4 21. gxh4 c6 22. Rf3 Rxh4 23. Qa8+ Kc7 24. Qa5+ b6 25. Qa7+ Kc8 26. Qxb6 cxd5 27. Qxd6 Rxd6 28. Rxe5 dxc4 29. Rc5+ Kd7 30. Rxc4 Rh8 31. Re3 Rb8 32. b3 Rb5 33. Ra4 Rbd5 34. Ra7+ Kd8 35. Ree7 Rxd3 36. Rg7 Rd2+ 37. Kg3 R2d3+ 38. Kg2 Rd2+ 39. Kg3 R2d3+ 40. Kh4 Rd7 41. Rgxd7+ Rxd7 42. Rxd7+ Kxd7 43. a4 Ke6 44. a5 Kd5 45. a6 Kc6 46. b4 1-0

[Event "Collado Villalba op 14th"]
[Site "Collado Villalba"]
[Date "1997.??.??"]
[Round "3"]
[White "Alonso Velazquez, Luis"]
[Black "Soloviov, Sergei"]
[Result "0-1"]
[WhiteElo "2050"]
[BlackElo "2380"]
[PlyCount "68"]
[EventDate "1997.08.??"]
[EventType "swiss"]
[EventRounds "9"]
[EventCountry "ESP"]
[SourceTitle "EXT 1999"]
[Source "ChessBase"]
[SourceDate "1998.11.16"]
[SourceVersion "1"]
[SourceVersionDate "1998.11.16"]
[SourceQuality "1"]

1. e4 d5 2. Nc3 dxe4 3. Nxe4 e5 4. Bc4 f5 5. Bxg8 Rxg8 6. Nc3 Nc6 7. d3 Be6 8. Nf3 h6 9. Bd2 Qf6 10. Qe2 0-0-0 11. 0-0-0 g5 12. Rhe1 Bg7 13. g3 Bf7 14. Ng1 Nd4 15. Qf1 Qc6 16. Kb1 Bh5 17. Rc1 Kb8 18. f4 gxf4 19. gxf4 e4 20. dxe4 fxe4 21. Nxe4 Bg6 22. Nc3 Nxc2 23. Rxc2 Rxd2 24. f5 Rxc2 25. Kxc2 Rf8 26. Rd1 Bxf5+ 27. Kc1 a6 28. Qe1 Bf6 29. h4 Qc4 30. Nf3 Qf4+ 31. Nd2 Bxh4 32. Qg1 Bg5 33. Qc5 Rd8 34. Nd5 Qe5 0-1